EFSANE (Kayıt no. 652883)

MARC ayrıntıları
000 -LEADER
sabit uzunluktaki kontrol alanı 00232nam a2200097Ia 4500
001 - KONTROL NUMARASI
kontrol alanı 652883
005 - EN SON İŞLEMİN TARİH VE ZAMANI
kontrol alanı 20250826154447.0
008 - SABİT-UZUNLUKTA VERİ ÖĞELERİ--GENEL BİLGİ
sabit uzunluktaki kontrol alanı 250824s9999 xx 000 0 und d
245 #0 - ESER / YAZAR
ESER ADI EFSANE
Yazar Adı DAVİD GEMMELL
260 ## - YAYIN, DAĞITIM, VB.
YAYIN EVİ ARTEMİS YAYINLARI
Mevcut
Düşüm durumu Kayıp durumu Hasar Durumu Ödünç verilmez Ana kütüphane Geçerli Kütüphane Edinilen tarih Toplam ödünç verme sayısı Barkod Son görüntüleme tarihi Fiyatın geçerli olmaya başladığı tarih Koha materyal türü
        ŞEHİT ABDULLAH TAYYİP OLÇOK İMAM HATİP ORTAOKULU ŞEHİT ABDULLAH TAYYİP OLÇOK İMAM HATİP ORTAOKULU 24.08.2025   1009211 26.08.2025 26.08.2025 Kitaplar
Gemini Bilgi Teknolojileri A.Ş. tarafından düzenlenmiştir.